000 01205cam a22003617a 4500
003 CHAP
005 20220329132925.0
008 971013s1989 mx r 00010 spa d
010 _a311
011 _a1283
035 _a459
040 _cCHAP
090 _aTesis
100 _aRangel Lucio, José Antonio.
_994607
245 1 0 _aBiofertilizantes (Azospirillum spp); alternativa nutricional en maíz (Zea mays L.)
260 _aChapingo, Méx. :
_bEl autor,
_c1989
300 _a120 h.
502 _aTesis (Ing. Agr. Esp. en Suelos) -- UACH. Departamento de Suelos
590 _aALEPH
_b10
_c20130110
_lUCH01
_h1205
590 _aBATCH-UPD
_b10
_c20130110
_lUCH01
_h0300
590 _aBATCH-UPD
_b10
_c20130110
_lUCH01
_h1708
590 _aBATCH-UPD
_b10
_c20130409
_lUCH01
_h2331
590 _aBATCH-UPD
_b10
_c20130410
_lUCH01
_h1534
590 _aBATCH-UPD
_b10
_c20130914
_lUCH01
_h0508
590 _aCONVERSION
_b10
_c20130109
_lUCH01
_h1302
650 1 4 _aAzospirillum.
_99126
650 1 4 _aBacterias nitrificantes.
_99327
650 1 4 _aMaíz
_xNitrógeno en.
_971026
901 _aBK
942 _cFOLL
949 _bBC
_cTES
_d-73747
_eTS2
_fc.2
_h22610
_i459
_si
949 _bBC
_cTES
_d-9906
_eTS1
_h22609
_i459
_si
999 _c311
_d311